000 00759nam a2200241 a 4500
001 73960
003 BD-RjUL
005 20211209082452.0
008 171130s2015 bg a|||| |||| 001 0 eng d
020 _a9789843390745
_cTk.1500.00
035 _a(BD-RjUL)74178
040 _aBD-RjUL
_beng
_cBD-RjUL
041 _aeng
082 _223
_a363.73874
_bHAC 2015
245 _aClimate Chenge Risk and Adaption in Bangladesh /
_c edited by Ahmadul Hasan , Parsons ,Luke
260 _aDhaka :
_bGreen University press,
_c2015
300 _a200 p. :
_bill. ;
_c25 cm.
500 _aIncludes Reference
650 _aClimatic changes
_zBangladesh
_vRisk assessment
_9219544
700 _aHasan , Ahmadul
_9219545
700 _aParsons , Luke
_9219546
942 _2ddc
_cBK
999 _c73960
_d73960